| 000 | 00548cam a2200181 4500 | ||
|---|---|---|---|
| 001 | 1909 | ||
| 005 | 20181127164217.0 | ||
| 008 | 730105s1967 xx 000 0 eng | ||
| 010 | _a 67028237 | ||
| 100 | 1 | _aKrall, Allan M. | |
| 245 | 1 | 0 |
_aStability techniques for continuous linear systems / _cAllan M. Krall. |
| 260 |
_aNew York : _bGordon and Breach, _c1967. |
||
| 300 | _a150 p. | ||
| 440 | 0 | _aNotes on mathematics and its applications. | |
| 504 | _aIncludes bibliographies. | ||
| 650 | 0 | _aDifferential equations, Linear. | |
| 650 | 0 | _aStability. | |
| 999 |
_c1470 _d1470 |
||